Score 0/37 Timer 05:00
0 Plays Today
Clue 5-Letter Word % Correct
Farmers' yieldsCROPS
89.1%
Dog walking gearLEASH
85.8%
Park seatingBENCH
85.3%
Pirate's plunderBOOTY
84.7%
Midday eventLUNCH
84.6%
Bare minimumLEAST
84.2%
The Brady family, e.g.BUNCH
84.2%
HoofbeatsCLOPS
84.2%
Beauty's beauBEAST
83.3%
''Guys and Dolls'' dice gameCRAPS
81.8%
Tree-dwelling deadly sinSLOTH
81.6%
Cleanup ragCLOTH
81.3%
Cardiologists' concernsCLOTS
79.4%
Volleyball settingBEACH
78.9%
Archaic truth, before ''sayer''SOOTH
78.6%
Diner optionBOOTH
78.5%
Dissolve and wash away, as mineralsLEACH
75.9%
Tiger's hazardsTRAPS
75.8%
Move in a jerky wayLURCH
73.9%
Clue 5-Letter Word % Correct
Vacation eventsTRIPS
72.5%
Clutches or clenchesGRIPS
71.3%
ComplainGRIPE
70.6%
Really fun timeBLAST
68.5%
Gate fastenerLATCH
67.8%
Word to precede the highlighted words; Blue-footed birdBOOBY
61.4%
Timber treeLARCH
60.7%
Tough laundry problemGRIME
55.7%
Come out of one's shellHATCH
55.6%
Fashion designer BillBLASS
51.2%
Ill-manneredCRASS
48.4%
Cross precederCRISS
46.4%
Coach, e.g.CLASS
45.4%
Rainbow makerPRISM
41.4%
Two, for onePRIME
38.8%
Persnickety personPRISS
37.4%
It may be grandPRIZE
28.9%
Geo/Chevrolet modelPRIZM
26.6%

Today's Daily Dose

Missing Word
'T' Pairs

Word Ladder
Game Pieces

Get the Picture
Baseball Movies

Remove Ads.
Support Sporcle.
Get the best of Sporcle when you Go Orange. This ad-free experience offers more features, more stats, and more fun while also helping to support Sporcle. Thank you for becoming a member.

You're not logged in!

Compare scores with friends on all Sporcle quizzes.
OR
Log In

Show Comments

Extras

Top Quizzes Today


Score Distribution

Your Account Isn't Verified!

In order to create a playlist on Sporcle, you need to verify the email address you used during registration. Go to your Sporcle Settings to finish the process.

Report this User

Report this user for behavior that violates our Community Guidelines.

Details: